000
00320 a2200145 4500
001
155038
040
_c
Escola São Tomás de Aquino
100
_a
BROOKE, Rebeca
240
1
0
_a
Circles and Squares
_l
por
245
1
0
_a
Circles and Squares
300
_a
26
362
0
_a
2005
697
_a
Língua inglesa
942
_c
BK
999
_c
155038
_d
155038